Top 50 Movies by IMDb Rating (by Picture) - Statistics

General Stats
  • This quiz has been taken 39,227 times
    38,181 since last reset
  • The average score is 29 of 50
Answer Stats
Picture Hint Answer % Correct
2 | 1972 ⭐ 9.2 The Godfather
96%
15 | 1980 ⭐ 8.7 Star Wars: Episode V- The Empire Strikes Back
93%
11 | 1994 ⭐ 8.8 Forrest Gump
92%
36 | 1994 ⭐ 8.5 The Lion King
92%
29 | 1977 ⭐ 8.6 Star Wars: Episode IV- A New Hope
90%
9 | 2001 ⭐ 8.9 The Lord of the Rings: The Fellowship of the Ring
89%
30 | 1985 ⭐ 8.5 Back to the Future
88%
12 | 2002 ⭐ 8.8 The Lord of the Rings: The Two Towers
86%
44 | 2023 ⭐ 8.5 Spider-Man: Across the Spider-Verse
85%
3 | 2008 ⭐ 9.0 The Dark Knight
85%
16 | 1999 ⭐ 8.7 The Matrix
85%
6 | 2003 ⭐ 9.0 The Lord of the Rings: The Return of the King
83%
1 | 1994 ⭐ 9.3 The Shawshank Redemption
83%
8 | 1994 ⭐ 8.9 Pulp Fiction
80%
13 | 1999 ⭐ 8.8 Fight Club
74%
33 | 2000 ⭐ 8.5 Gladiator
73%
22 | 1991 ⭐ 8.6 The Silence of the Lambs
73%
24 | 1998 ⭐ 8.6 Saving Private Ryan
72%
26 | 1999 ⭐ 8.6 The Green Mile
72%
14 | 2010 ⭐ 8.8 Inception
65%
32 | 2002 ⭐ 8.5 The Pianist
65%
18 | 2014 ⭐ 8.7 Interstellar
64%
20 | 1995 ⭐ 8.6 Se7en
61%
17 | 1990 ⭐ 8.7 Goodfellas
59%
10 | 1966 ⭐ 8.8 The Good, the Bad and the Ugly
59%
28 | 1991 ⭐ 8.6 Terminator 2: Judgement Day
57%
7 | 1993 ⭐ 9.0 Schindler's List
56%
5 | 1957 ⭐ 9.0 12 Angry Men
54%
39 | 2014 ⭐ 8.5 Whiplash
53%
31 | 2001 ⭐ 8.5 Spirited Away
52%
49 | 1979 ⭐ 8.5 Alien
51%
45 | 1942 ⭐ 8.5 Casablanca
51%
35 | 1960 ⭐ 8.5 Psycho
49%
19 | 1975 ⭐ 8.7 One Flew Over the Cuckoo's Nest
48%
21 | 1946 ⭐ 8.6 It's a Wonderful Life
41%
43 | 1994 ⭐ 8.5 Léon: The Professional
41%
38 | 2006 ⭐ 8.5 The Departed
40%
4 | 1974 ⭐ 9.0 The Godfather Part II
40%
23 | 1954 ⭐ 8.6 Seven Samurai
37%
41 | 1998 ⭐ 8.5 American History X
36%
34 | 2019 ⭐ 8.5 Parasite
32%
42 | 2006 ⭐ 8.5 The Prestige
31%
25 | 2002 ⭐ 8.6 City of God
25%
47 | 2011 ⭐ 8.5 The Intouchables
25%
27 | 1997 ⭐ 8.6 Life is Beautiful
24%
46 | 1995 ⭐ 8.5 The Usual Suspects
22%
37 | 1988 ⭐ 8.5 Grave of the Fireflies
20%
50 | 1936 ⭐ 8.5 Modern Times
17%
48 | 1988 ⭐ 8.5 Cinema Paradiso
15%
40 | 1962 ⭐ 8.5 Harakiri
8%
No matching quizzes found
Score Distribution
Percent of People with Each Score
Percentile by Number Answered
Your Score History
You have not taken this quiz since the last reset